000 00243nam a2200121Ia 4500
100 _aDavies/A.C
942 _cBK
654 _aWelding
245 _aThe Science & Practice Of Welding
260 _bnone
082 _a671.5
546 _aENGLISH
999 _c34903
_d34903